Usha Rani a tale of sense and sensuality / (Record no. 77087)

MARC details
000 -LEADER
fixed length control field 00972nam a22002537a 4500
005 - DATE AND TIME OF LATEST TRANSACTION
control field 20220803105902.0
010 ## - LCCN (DPL NO)
LC control number ENG-107797
020 ## - INTERNATIONAL STANDARD BOOK NUMBER
International Standard Book Number 9789382536017
Terms of availability 190.00
035 ## - SYSTEM CONTROL NUMBER
System control number EN-91330
035 ## - SYSTEM CONTROL NUMBER
System control number B-534542-553
035 ## - SYSTEM CONTROL NUMBER
System control number B-667852
037 ## - SOURCE OF ACQUISITION
Source of stock number/acquisition DBAD/PUB
Stock number dpl
037 ## - SOURCE OF ACQUISITION
Source of stock number/acquisition Star Pub.
Stock number dpl
082 ## - DEWEY DECIMAL CLASSIFICATION NUMBER
Classification number N
100 ## - MAIN ENTRY--PERSONAL NAME
Personal name Gopichand
245 ## - TITLE STATEMENT
Title Usha Rani a tale of sense and sensuality /
Statement of responsibility, etc by Gopichand; translation of the Telugu novel Merupula Marakalu and afterword by D.S. Rao
260 ## - PUBLICATION, DISTRIBUTION, ETC. (IMPRINT)
Place of publication, distribution, etc New Delhi
Name of publisher, distributor, etc LiFi Publications Pvt. Ltd.
Date of publication, distribution, etc 2013
270 ## - ADDRESS
Address 211, 2nd Floor, Gagandeep 12, Rajendra Place
City New Delhi
Postal code 110008
300 ## - PHYSICAL DESCRIPTION
Extent 183p.
Dimensions 18cm(pbk)
700 ## - ADDED ENTRY--PERSONAL NAME
Personal name Rao, D.S.
942 ## - ADDED ENTRY ELEMENTS (KOHA)
Source of classification or shelving scheme Dewey Decimal Classification
Item type English Books
Call number suffix GOP
Classification part N
Holdings
Withdrawn status Lost status Not for loan Collection code Home library Current library Date acquired Source of acquisition Cost, normal purchase price Full call number Barcode Copy number Cost, replacement price Koha item type
      Fiction Andrews Gunj Andrews Gunj 21/07/2014 Star Pub/SP3360/27.03.2014/144/25.03.2014/29.03.2014 190.00 N GOP B-534549 1 190.00 English Books
      Fiction Ashok Vihar Ashok Vihar 04/05/2017 BPPD/EN/2013-14/AV/16-17/364/15.2.2017/SP/2277/3.3.2017/ 18.3.2017 190.00 N GOP B-667852 1 190.00 English Books
      Fiction Central Library Central Library 21/07/2014 Star Pub/SP3360/27.03.2014/144/25.03.2014/29.03.2014 190.00 N GOP B-534542 1 190.00 English Books
    Not For Loan Fiction D.B.Act.Division D.B.Act.Division 01/07/2013 DBAD/PUB 190.00 S GOP EN-91330 1 190.00 English Books
      Fiction Janak Puri Janak Puri 21/07/2014 Star Pub/SP3360/27.03.2014/144/25.03.2014/29.03.2014 190.00 N GOP B-534546 1 190.00 English Books
      Fiction Karol Bagh Karol Bagh 21/07/2014 Star Pub/SP3360/27.03.2014/144/25.03.2014/29.03.2014 190.00 N GOP B-534551 1 190.00 English Books
  Written-off vide DLB M. No. 383 dt 16.05.19   Fiction Mobile Library Mobile Library 21/07/2014 Star Pub/SP3360/27.03.2014/144/25.03.2014/29.03.2014 190.00 N GOP B-534543 2 190.00 English Books
      Fiction Mobile Library Mobile Library 21/07/2014 Star Pub/SP3360/27.03.2014/144/25.03.2014/29.03.2014 190.00 N GOP B-534544 2 190.00 English Books
      Fiction Narela Narela 21/07/2014 Star Pub/SP3360/27.03.2014/144/25.03.2014/29.03.2014 190.00 N GOP B-534553 1 190.00 English Books
      Fiction New Rohtak Road New Rohtak Road 21/07/2014 Star Pub/SP3360/27.03.2014/144/25.03.2014/29.03.2014 190.00 N GOP B-534552 1 190.00 English Books
      Fiction Patel Nagar Patel Nagar 21/07/2014 Star Pub/SP3360/27.03.2014/144/25.03.2014/29.03.2014 190.00 N GOP B-534545 1 190.00 English Books
      Fiction R.K.Puram-8 R.K.Puram-8 21/07/2014 Star Pub/SP3360/27.03.2014/144/25.03.2014/29.03.2014 190.00 N GOP B-534548 1 190.00 English Books
      Fiction Sarojini Nagar Sarojini Nagar 21/07/2014 Star Pub/SP3360/27.03.2014/144/25.03.2014/29.03.2014 190.00 N GOP B-534547 1 190.00 English Books
      Fiction Vinoba Puri Vinoba Puri 21/07/2014 Star Pub/SP3360/27.03.2014/144/25.03.2014/29.03.2014 190.00 N GOP B-534550 1 190.00 English Books

© Delhi Public Library
Hit Counter
free hit counter